[Event "EU-ch U16 rapid"]
[Site "Terme Catez"]
[Date "2023.09.28"]
[Round "1"]
[White "Bajda, Zan"]
[Black "Tancsa, Tamas"]
[Result "0-1"]
[WhiteElo "1812"]
[BlackElo "2290"]
[PlyCount "118"]
[EventDate "2023.09.28"]
[EventType "swiss (rapid)"]
[EventRounds "9"]
[EventCountry "SLO"]
[SourceTitle "EXT 2024"]
[Source "ChessBase"]
[SourceDate "2023.10.10"]
[SourceVersion "1"]
[SourceVersionDate "2023.10.10"]
[SourceQuality "1"]

1. d4 Nf6 2. c4 e6 3. Nc3 Bb4 4. Nf3 0-0 5. Bg5 c5 6. e3 cxd4 7. exd4 d5 8. cxd5 exd5 9. Be2 h6 10. Bh4 Be6 11. 0-0 Nbd7 12. a3 Bd6 13. Rc1 a6 14. Bd3 Rc8 15. Re1 b5 16. Ne5 Qb6 17. Bb1 Bxe5 18. dxe5 Ng4 19. Qd3 g6 20. Nxd5 Bxd5 21. Qxd5 Rxc1 22. Rxc1 Ngxe5 23. Be7 Re8 24. Bd6 Nc4 25. Bf4 Nf6 26. Qd3 Ng4 27. Qg3 Re2 28. Rf1 Nxf2 29. Qxf2 Rxf2 30. Rxf2 g5 31. Bc1 Qd4 32. Bc2 Ne3 33. Rd2 Qc5 34. Rd8+ Kg7 35. Bxe3 Qxe3+ 36. Kf1 Qc1+ 37. Bd1 Qxb2 38. Rd3 a5 39. Rb3 Qc1 40. Ke2 a4 41. Rf3 Qb2+ 42. Kf1 b4 43. Bxa4 bxa3 44. Bb3 f6 45. Re3 a2 46. Bxa2 Qxa2 47. Re7+ Kg6 48. Re2 Qc4 49. Kf2 h5 50. Rd2 h4 51. Re2 g4 52. Re1 f5 53. Kg1 f4 54. Rb1 Kf5 55. Rd1 f3 56. Rf1 Kf4 57. Rf2 Ke3 58. Rf1 Qe2 59. gxf3 gxf3 0-1